Mars / (Record no. 1881)

MARC details
000 -LEADER
fixed length control field 01168cam a22003134a 4500
001 - CONTROL NUMBER
control field 1881
003 - CONTROL NUMBER IDENTIFIER
control field FISKH
005 - DATE AND TIME OF LATEST TRANSACTION
control field 20231009090252.0
008 - FIXED-LENGTH DATA ELEMENTS--GENERAL INFORMATION
fixed length control field 050126s2005 nyua j b 001 0 eng
010 ## - LIBRARY OF CONGRESS CONTROL NUMBER
LC control number 2005002292
020 ## - INTERNATIONAL STANDARD BOOK NUMBER
International Standard Book Number 9780531147627
040 ## - CATALOGING SOURCE
Original cataloging agency DLC
Transcribing agency DLC
Modifying agency DLC
Language of cataloging eng
042 ## - AUTHENTICATION CODE
Authentication code pcc
050 00 - LIBRARY OF CONGRESS CALL NUMBER
Classification number QB641
Item number .C52 2005
082 00 - DEWEY DECIMAL CLASSIFICATION NUMBER
Classification number 523.43
Edition number 22
100 1# - MAIN ENTRY--PERSONAL NAME
Personal name Chrismer, Melanie.
245 10 - TITLE STATEMENT
Title Mars /
Statement of responsibility, etc. by Melanie Chrismer.
260 ## - PUBLICATION, DISTRIBUTION, ETC.
Place of publication, distribution, etc. New York :
Name of publisher, distributor, etc. Scholastic,
Date of publication, distribution, etc. 2005.
300 ## - PHYSICAL DESCRIPTION
Extent 24 pages :
Other physical details color illustrations ;
Dimensions 21 cm.
440 #0 - SERIES STATEMENT/ADDED ENTRY--TITLE
Title Scholastic news nonfiction readers
505 0# - FORMATTED CONTENTS NOTE
Formatted contents note H<br/>
520 ## - SUMMARY, ETC.
Summary, etc. - High interest level among young children. - Fits science curriculum standards for earth & space science and science and technology. - Format includes large color photographs, easy-to-read font, and simple interior design. - Series features vocabulary preview and review pages and backmatter, which gives young readers additional material to discuss or think about.
521 8# - TARGET AUDIENCE NOTE
Target audience note 460<br/>
Source Lexile<br/>
521 8# - TARGET AUDIENCE NOTE
Target audience note H<br/>
Source Raz-Plus<br/>
650 ## - SUBJECT ADDED ENTRY--TOPICAL TERM
Source of heading or term mars
651 #0 - SUBJECT ADDED ENTRY--GEOGRAPHIC NAME
Geographic name Mars (Planet)
Form subdivision Juvenile literature.
651 #0 - SUBJECT ADDED ENTRY--GEOGRAPHIC NAME
Geographic name mars
942 ## - ADDED ENTRY ELEMENTS (KOHA)
Source of classification or shelving scheme Dewey Decimal Classification
Koha item type Books
Suppress in OPAC No
Holdings
Withdrawn status Lost status Source of classification or shelving scheme Damaged status Not for loan Collection Home library Current library Shelving location Date acquired Total Checkouts Full call number Barcode Date last seen Date last checked out Price effective from Koha item type
    Dewey Decimal Classification     Non-Fiction Footprints International School Library Network Toul Kork Campus Footprints International School Library Network Toul Kork Campus TK Primary Library Room(4th Floor), Bookcase 1&2, Shelves 1-16, Dark Blue Books 10/06/2023 4 CHR 523.43 QB641.C52 FISTK03899 02/05/2025 01/22/2025 10/06/2023 Books